Australian Premier League Players - Statistics

General Stats
  • This quiz has been taken 20 times
  • The average score is 6 of 10
Answer Stats
Career Games Player Clubs % Correct
274 (57) Harry Kewell Leeds United, Liverpool
84%
226 (56) Tim Cahill Everton
84%
240 (91) Mark Viduka Leeds United, Middlesborough, Newcastle United
68%
96 (9) Aaron Mooy Huddersfield Town, Brighton & Hove Albion*
63%
208 (0) Mark Bosnich Aston Villa, Manchester United, Chelsea
63%
514 (0) Mark Schwarzer Middlesborough, Fulham, Chelsea, Leicester City
63%
110 (0) Mathew Ryan Brighton & Hove Albion*
53%
279 (6) Lucas Neill Blackburn Rovers, West Ham United, Everton
37%
165 (7) Stan Lazaridis West Ham United, Birmingham City
21%
247 (13) Brett Emerton Blackburn Rovers
16%
No matching quizzes found
Score Distribution
Percent of People with Each Score
Percentile by Number Answered
Your Score History
You have not taken this quiz